Essays In Criticism (Record no. 136435)

MARC details
000 -LEADER
fixed length control field 00484nam a2200181Ia 4500
003 - CONTROL NUMBER IDENTIFIER
control field OSt
005 - DATE AND TIME OF LATEST TRANSACTION
control field 20241122143955.0
008 - FIXED-LENGTH DATA ELEMENTS--GENERAL INFORMATION
fixed length control field 241122s9999||||xx |||||||||||||| ||und||
040 ## - CATALOGING SOURCE
Transcribing agency SBCL
082 ## - DEWEY DECIMAL CLASSIFICATION NUMBER
Classification number 820.9
Item number ARN-E
100 ## - MAIN ENTRY--PERSONAL NAME
Personal name Arnold, Matthew
245 #0 - TITLE STATEMENT
Title Essays In Criticism
260 ## - PUBLICATION, DISTRIBUTION, ETC.
Name of publisher, distributor, etc. Modern Publishers
Place of publication, distribution, etc. New Delhi
Date of publication, distribution, etc. 1916
300 ## - PHYSICAL DESCRIPTION
Extent 487p.
630 ## - SUBJECT ADDED ENTRY--UNIFORM TITLE
General subdivision Reference Reading Room
650 ## - SUBJECT ADDED ENTRY--TOPICAL TERM
Topical term or geographic name entry element English Literature
942 ## - ADDED ENTRY ELEMENTS (KOHA)
Koha item type BOOK
650 ## - SUBJECT ADDED ENTRY--TOPICAL TERM
Form subdivision CriticismEssaysLiterary Theory
General subdivision Reference
Holdings
Withdrawn status Lost status Source of classification or shelving scheme Damaged status Not for loan Home library Current library Date acquired Cost, normal purchase price Total Checkouts Total Renewals Barcode Date due Date last seen Date last checked out Price effective from Koha item type
    Dewey Decimal Classification     SB LIBRARY SB LIBRARY 22/11/2024 6.00 1 1 00000002 15/06/2026 13/05/2026 13/05/2026 22/11/2024 BOOK

Powered by Koha